Central Library OPAC University of Rajshahi

Social change and development administration in South Asia / (Record no. 57339)

MARC details
000 -LEADER
fixed length control field 00805nam a2200241 a 4500
001 - CONTROL NUMBER
control field 57339
003 - CONTROL NUMBER IDENTIFIER
rucl marc code BD-RjUL
005 - DATE AND TIME OF LATEST TRANSACTION
control field 20211209080509.0
008 - FIXED-LENGTH DATA ELEMENTS--GENERAL INFORMATION
fixed length control field 081216r19791978bg 000 0 eng
035 ## - SYSTEM CONTROL NUMBER
System control number (BD-RjUL) 57463
040 ## - CATALOGING SOURCE
Original cataloging agency DLC
Transcribing agency DLC
Modifying agency DLC
-- BD-RjUL
Language of cataloging eng
041 ## - LANGUAGE CODE
Language code of text/sound track or separate title eng
082 ## - DEWEY DECIMAL CLASSIFICATION NUMBER
Edition number 23
Classification number 303.40954
Author mark and year CHS 1979
100 1# - MAIN ENTRY--PERSONAL NAME
Personal name Choudhury, Lutful Hoq.
9 (RLIN) 170305
245 10 - TITLE STATEMENT
Title Social change and development administration in South Asia /
Statement of responsibility, etc. Lutful Hoq Choudhury.
260 ## - PUBLICATION, DISTRIBUTION, ETC. (IMPRINT)
Place of publication, distribution, etc. Dacca :
Name of publisher, distributor, etc. National Institute of Public Administration,
Date of publication, distribution, etc. 1978 [Printing 1979]
300 ## - PHYSICAL DESCRIPTION
Pagination 152 p. ;
Size 22 cm.
504 ## - BIBLIOGRAPHY, ETC. NOTE
Bibliography, etc Includes bibliography
650 ## - SUBJECT ADDED ENTRY--TOPICAL TERM
Topical term or geographic name as entry element Social change
Geographic subdivision South Asia
9 (RLIN) 170306
Topical term or geographic name as entry element Public administration
Geographic subdivision South Asia
9 (RLIN) 170307
Topical term or geographic name as entry element Economic policy
9 (RLIN) 170308
942 ## - ADDED ENTRY ELEMENTS (KOHA)
Source of classification or shelving scheme Dewey Decimal Classification
Koha item type Books
Holdings
Lost status Source of classification or shelving scheme Damaged status Not for loan Collection code Permanent Location Current Location Shelving location Date acquired Source of acquisition Cost, normal purchase price Total Checkouts Full call number Date last seen Copy number Koha item type
  Dewey Decimal Classification   Not For Loan Non-fiction Central Library, University of Rajshahi Central Library, University of Rajshahi Reading Room 18/03/1980 Neamat Book Shop, Rajshahi 75.00   303.40954 CHS 1979 08/12/2016 C-1 Books